Statistics for NBA Players from BYU

Click here to take the quiz!

General Stats

  • This quiz has been taken 9 times
  • The average score is 7 of 20

Answer Stats

PositionPlayerDraft Year% Correct
FMichael Smith1989
75%
GJimmer Fredette2011
75%
GDanny Ainge1981
75%
CShawn Bradley1993
75%
FDevin Durrant1984
50%
GKyle Collinsworth2016
50%
PFBrandon Davies2013
50%
FCFred Roberts1982
50%
CBabby Araujo2004
38%
GFTravis Hansen2003
38%
FEric Mika2017
38%
CGreg Kite1983
38%
FCMel Hutchins1951
25%
GFAndy Toolson1990
25%
SGBernie Fryer1972
0%
FCPaul Ruffner1970
0%
CJim Eakins1968
0%
CCraig Raymond1967
0%
FCJohn Fairchild1965
0%
GFBrady Walker1948
0%

Score Distribution

Percentile by Number Answered

Percent of People with Each Score

Your Score History

You have not taken this quiz